书目信息 |
| 题名: |
城市综合管理
|
|
| 作者: | 翟宝辉 , 张有坤 著 | |
| 分册: | ||
| 出版信息: | 北京 中国建筑工业出版社 2020.12 |
|
| 页数: | 14, 311页 | |
| 开本: | 23cm | |
| 丛书名: | 城市治理实践与创新系列丛书 | |
| 单 册: | ||
| 中图分类: | F293 | |
| 科图分类: | ||
| 主题词: | 城市管理--cheng shi guan li | |
| 电子资源: | ||
| ISBN: | 978-7-5074-3278-7 | |
| 000 | 01383nam 2200301 450 | |
| 001 | 0100028727 | |
| 005 | 20211025120159.0 | |
| 010 | @a978-7-5074-3278-7@dCNY52.00 | |
| 100 | @a20210310d2020 em y0chiy50 ea | |
| 101 | 0 | @achi |
| 102 | @aCN@b110000 | |
| 105 | @aa a 000yy | |
| 106 | @ar | |
| 200 | 1 | @a城市综合管理@Acheng shi zong he guan li@f翟宝辉, 张有坤著 |
| 210 | @a北京@c中国建筑工业出版社@c中国城市出版社@d2020.12 | |
| 215 | @a14, 311页@c图@d23cm | |
| 225 | 2 | @a城市治理实践与创新系列丛书@Acheng shi zhi li shi jian yu chuang xin xi lie cong shu |
| 300 | @a“十三五”国家重点出版物出版规划项目 | |
| 314 | @a翟宝辉, 研究员, 博士生导师, 享受国务院政府特殊津贴, 现任住房和城乡建设部政策研究中心副主任。张有坤, 副研究员, 硕士生导师, 现任住房和城乡建设部政策研究中心副处长。 | |
| 320 | @a有书目 (第294-311页) | |
| 330 | @a本书以公共管理理论和公共经济学理论为基础, 系统阐述了城市综合管理的理论与实践。全书侧重于从制度视角分析市政体制和公共服务供给机制改革, 注重对国外城市政策进行比较研究, 力求提供多元化的观察和分析视角。全书注重总结城市管理研究的成果, 展现近年来城市管理研究的主要议题和主要观点。 | |
| 410 | 0 | @12001 @a城市治理实践与创新系列丛书 |
| 606 | 0 | @a城市管理@Acheng shi guan li |
| 690 | @aF293@v5 | |
| 701 | 0 | @a翟宝辉@Azhai bao hui@4著 |
| 701 | 0 | @a张有坤@Azhang you kun@4著 |
| 801 | 0 | @aCN@c20210909 |
| 905 | @a河南城建学院图书馆@dF293@eD046 | |
| 城市综合管理/翟宝辉, 张有坤著.-北京:中国建筑工业出版社:中国城市出版社,2020.12 |
| 14, 311页:图;23cm.-(城市治理实践与创新系列丛书) |
| “十三五”国家重点出版物出版规划项目 |
| ISBN 978-7-5074-3278-7:CNY52.00 |
| 本书以公共管理理论和公共经济学理论为基础, 系统阐述了城市综合管理的理论与实践。全书侧重于从制度视角分析市政体制和公共服务供给机制改革, 注重对国外城市政策进行比较研究, 力求提供多元化的观察和分析视角。全书注重总结城市管理研究的成果, 展现近年来城市管理研究的主要议题和主要观点。 |
| ● |
| 相关链接 |
|
|
|
正题名:城市综合管理
索取号:F293/D046
 
预约/预借
| 序号 | 登录号 | 条形码 | 馆藏地/架位号 | 状态 | 备注 |
| 1 | 1545901 | 215459019 | 社科库409/409社科库 105排2列4层/ [索取号:F293/D046] | 在馆 | |
| 2 | 1545902 | 215459028 | 社科库409/409社科库 105排2列4层/ [索取号:F293/D046] | 在馆 |